000 00572nam a2200205Ia 4500
003 OSt
005 20250807181310.0
008 210423s1998 xx 000 0 und d
040 _cAL
041 _aEnglish
082 _a320
_bSAND
100 _aMichael J Sandel
_9117669
245 _aDemocracys discontent
_b: America in search of a public philosophy
260 _aEngland
_bBlackwell Publisher
_c1998
365 _b854
_cINR
650 _aPolitical Science
_9117670
650 _aPolitical Science
_9117670
906 _aDemocracys ; discontent
942 _2ddc
_cBK
999 _c173683
_d173683